000 00437nam a2200145Ia 4500
008 100204s9999 xx 000 0 und d
082 _b20794
100 _aMOOK BYRON T.
245 _aTHE WORLD OF THE INDIAN FIELD ADMINISTRATOR
260 _b"VIKAS PUBLISHING HOUSE, DELHI"
_c1982
300 _a194
630 _aTHE WORLD OF THE INDIAN FIELD ADMINISTRATOR
730 _aTHE WORLD OF THE INDIAN FIELD ADMINISTRATOR
942 _cBOOK
999 _c465308
_d465305